000 00570nam a22001697a 4500
005 20251108172514.0
008 250721s1995 xx 000 0 ara d
082 1 4 _a341.756/حمد
100 1 _aحمدي، كمال
245 1 0 _aمسئولية التأمل البحري للبضائع في قانون التجارة البحرية رقم 8لسنة 1990 /
264 1 _aالقاهرة :
_bمنشأة المعارف،
_c1995.
300 _a271ص.
650 1 7 _aالنقل البحري
650 1 7 _aالقانون الدولي
942 _2ddc
_cBK
999 _c81081
_d81081